000 00359 a2200169 4500
001 188961
020 _a85-16-03584-0
040 _cMagnum
100 _aDreguer, Ricardo
240 1 0 _aO homem-pássaro
_lpor
245 1 0 _aO homem-pássaro
300 _a48
362 0 _a2010
440 1 _aModerna
697 _aLITERATURA INFANTO-JUVENIL
942 _cBK
999 _c188961
_d188961